000
00498nam a2200145Ia 4500
008
100122s9999 xx 000 0 und d
082
_b
49765
_a
823
100
_a
वाघमारे क्रांती
245
_a
किनाऱ्यापासून दूर
260
_b
नीहारा प्रकाशन
_c
1993
300
_a
75
630
_a
किनाऱ्यापासून दूर
730
_a
किनाऱ्यापासून दूर
942
_c
BOOK
999
_c
427608
_d
427605